| 000 | 00000nas##2200000za#4500 |
| 001 | 9.507568 |
| 003 | CaOODSP |
| 005 | 20241203113633 |
| 007 | cr ||||||||||| |
| 008 | 150406c2004||||xxc|| p o||||f| |0eng|d |
| 040 | |aCaOODSP|beng |
| 043 | |an-cn--- |
| 086 | 1 |aEn1-51E-PDF |
| 110 | 1 |aCanada. |bEnvironment Canada. |
| 245 | 10|aFederal Contaminated Sites Accelerated Action Plan - annual report |h[electronic resource] |
| 260 | |aGatineau - Quebec : |bEnvironment Canada |
| 310 | |aAnnual |
| 362 | 1 |a2003-2004 -- 2004-2005 |
| 690 | 07|aPollution control|2gcpds |
| 775 | 08|tPlan d'action accéléré des sites contaminés fédéraux - rapport annuel |w(CaOODSP)9.503956 |
| 785 | 00|tAnnual report ... |w(CaOODSP)9.506946 |